Регионална библиотека "Любен Каравелов" - Русе

Мрежовият капитализъм (Запис номер 91042)

MARC детайли
000 -Лидер
Контролно поле с фиксирана дължина 01742nam a2200409 c 4500
003 - Код на организацията, давaща контролен номер
Контролно поле BLK
005 - Дата и час на последна редакция
Контролно поле 20220208152128.0
008 - Елементи от данни с фиксирана дължина
fixed length control field 180408b bul|||||r ||||||| ||bul||
010 ## - Наследен системен номер
LC control number KNG00095794000
020 ## - Международен стандартен номер на книга ISBN
Международен стандартен номер на книга ISBN 978-954-617-086-6
040 ## - Източник на каталожния запис
Идентификатор на билиотеката - собственик на записа BLK
041 ## - Код за език
Код за езика на текст/звукозапис или на отделно заглавие Български
Код за езика КДБФ Български
080 ## - УДК
Текстов определител УДК Банки. Банково дело - Банкови операции
УДК код - определител по УДК 336.71
УДК определител (497.2)(091)
УДК - код + определител 336.71(497.2)(091)
080 ## - УДК
Текстов определител УДК Банков капитал. Кредитен капитал
УДК код - определител по УДК 330.142.22
УДК - код + определител 330.142.22
100 1# - Редна дума - Автор
Автор Иванов, Мартин Иванов
Авторска отговорност първи автор
R(LIN) 292865
139 ## - Редно поле
Редна дума Иванов, Мартин Иванов
Авторски знак Иванов - И 21
245 10 - Сведения за заглавието
Заглавие Мрежовият капитализъм
Подзаглавни данни Бълг. търговска банка и нейните сродни д-ва 1890-1914 г.
Редно поле (дума) Мартин Иванов Иванов.
257 ## - Страна на издаване
Страна на създаване/издаване България
260 ## - Област на издателските данни
Име на издателя, разпространителя и проч. Гутенберг
Година на издаване 2010
Печатница София : Симолини
300 ## - Физическа характеристика
Страници 524 с.
Илюстрации и др. с ил.
Размери/Мащаб 24 см
380 ## - Жанр
Жанр Обществени науки
500 ## - Общи забележки
Забележка Съдържа: Биогр. ; Списък на таблиците ; Списък на фигурите ; Азб. показалец. - Библиогр. с. 491-507
504 ## - Забележка за наличие на библиография и др
Забележка за наличие на библиография и под. 491-507
650 #4 - Допълнително описание по предмет – тема
Основно описание – тема или топоним Банки, търговски
9 (RLIN) 256858
650 #4 - Допълнително описание по предмет – тема
Основно описание – тема или топоним Банкови операции
9 (RLIN) 253109
650 #4 - Допълнително описание по предмет – тема
Основно описание – тема или топоним Банки - България - история
9 (RLIN) 258998
653 ## - Ключова дума – ненормативна
Ключова дума търговски банки
653 ## - Ключова дума – ненормативна
Ключова дума история
653 ## - Ключова дума – ненормативна
Ключова дума банково дело
653 ## - Ключова дума – ненормативна
Ключова дума финанси
659 ## - Тематичен бюлетин
Тематичен бюлетин К
852 ## - Местоположение
Форматна сигнатура Цб 247896
852 ## - Местоположение
Форматна сигнатура К 336/И 21
856 4# - Електронен адрес и достъп
Електронен формат pdf - файл
856 4# - Електронен адрес и достъп
Електронен формат pdf - файл
999 ## - СИСТЕМНИ КОНТРОЛНИ НОМЕРА
Koha biblionumber 91042
Koha biblioitemnumber 91042
942 ## - АРТИКУЛИ
Вид на библиотечния материал Книги
Скрит в OPAC Не
Koha issues (borrowed), all copies 2
Периодичен библиозапис Да
944 ## - СЪЗДАВАНЕ И РЕДАКЦИЯ на ЗАПИСА
Създаване/Редакция Създаване
Дата на регистрацията/редакция 29.04.2010
Статус, дата на статуса ф /
Служител, извършил регистрацията/редакцията Геновева_Генчева
944 ## - СЪЗДАВАНЕ И РЕДАКЦИЯ на ЗАПИСА
Създаване/Редакция Редакция
Дата на регистрацията/редакция 13.10.2011
Статус, дата на статуса ф /
999 ## - СИСТЕМНИ КОНТРОЛНИ НОМЕРА
Koha biblioitemnumber 91042
Наличности
Код за отписване Код за изгубен артикул Код за повреда Коз за рестрикции Код за отдаване Артикулен № Име на библиотеката - собственик Име на библиотеката, в която се намира в момента Статус (Текущо местоположение) Дата на вписване в системата Местоположение - отдел Цена в лева Номерация (Хронология) Инвентарен номер Систематично азбучна сигнатура Баркод Номер на екземпляра Цена в евро Служебна бележка Служебен тип на артикула
  Не е изгубен Не е повреден без рестрикции ползва се в читалня 146945 Регионална библиотека "Любен Каравелов" Русе Регионална библиотека "Любен Каравелов" Русе Краезнание 2010-04-28 Краезнание 12.00 Автограф: Мартин Иванов 120000743985 К 336/И 21 120000743985 1 6.14 Дост: DA Вид: А N: 14 Дата: 28.04.2010 Дата инв: 09.11.2017 Бележки инв: К2017 Книги
  Не е изгубен Не е повреден без рестрикции ползва се в читалня 146946 Регионална библиотека "Любен Каравелов" Русе Регионална библиотека "Любен Каравелов" Русе Хранилище 2011-06-23 Хранилище 12.00   120000751324 Цб 247896 120000751324 2 6.14 Дост: Dp Вид: Д N: 3 Дата: 17.01.2011 Книги
Vip Innovations Ltd, Rousse, Bulgaria 2025